000 00836cad a22001935a 4500
001 L146713
008 090218e20090203xxk f v 000 0 eng d
035 _a(Sirsi) u146713
041 0 _aeng
100 1 _aCartwright, Paul
245 0 2 _aA restorative relief
_bthe business premises renovation allowance (BPRA)
_h[electronic resource]
260 _a[S.l.]
_bMondaq
_c2009
520 _aProvides a brief summary of the Business Premises Renovation Allowance (BPRA) which should encourage developers to renovate or convert derelict property.
590 _aKA
651 4 _aUnited Kingdom
_y
690 _aPROPERTY-PROPERTY TAXATION-PROPERTY TAX ALLOWANCES-CAPITAL ALLOWANCES
856 4 0 _uhttps://www.mondaq.com/article.asp?articleid=73402&rss=17
_zView the article free of charge (after registration) at www.mondaq.com...
942 _n0
999 _c81261
_d81261